| 000 | 00480nam a2200193Ia 4500 | ||
|---|---|---|---|
| 005 | 20260429112152.0 | ||
| 008 | 260429s9999||||xx |||||||||||||| ||und|| | ||
| 020 | _a9788170335429 | ||
| 041 | _aEnglish | ||
| 082 |
_a304.2 _bAHM |
||
| 100 | _aAhmad, Aijazuddin | ||
| 245 | 0 |
_aSocial geography / _cAijazuddin Ahmad |
|
| 250 | _a1st ed. | ||
| 260 |
_aJaipur : _bRawat Publications, _c2025. |
||
| 300 | _a454 p.; hb | ||
| 650 | _a Social | ||
| 650 | _aGeography | ||
| 942 | _cTB | ||
| 999 |
_c52698 _d52698 |
||